| 000 | 00872cam a2200217 4500 | ||
|---|---|---|---|
| 001 | WB3719-03 | ||
| 008 | 000000n2001 000 0 eng u | ||
| 035 | _a(Sirsi) u112603 | ||
| 245 | _aPotential aid for rural builders | ||
| 260 | _c2001 | ||
| 490 |
_aBuilding _v266(8184) 11 May 2001, 16(1) |
||
| 520 | _aAn additional £24m has been added to the DETR rural business recovery fund, raising the fund total to £50m. Although mainly to be targeted at the tourist industry Michael Meacher has said that other country businesses may apply. This implies that rural construction firms hit by the foot-and-mouth epidemic could apply for relief. | ||
| 590 | _aWB | ||
| 650 |
_aRural _96268 |
||
| 650 | _aCONSTRUCTION FIRMS | ||
| 650 | _aBUILDERS | ||
| 650 | _aGOVERNMENT FUNDING | ||
| 650 | _aFOOT-AND-MOUTH DISEASE | ||
| 690 | _aBUILT ENVIRONMENT | ||
| 942 | _n0 | ||
| 999 |
_c67026 _d67026 |
||